Normal view
MARC view
- Nayak, Y D
Entry Personal Name
001 - CONTROL NUMBER
- control field: 4069
003 - CONTROL NUMBER IDENTIFIER
- control field: OSt
005 - DATE AND TIME OF LATEST TRANSACTION
- control field: 20190517125156.0
008 - FIXED-LENGTH DATA ELEMENTS
- fixed length control field: 190517|| aca||aabn | a|a d
040 ## - CATALOGING SOURCE
- Original cataloging agency: OSt
- Transcribing agency: OSt
100 ## - HEADING--PERSONAL NAME
- Personal name: Nayak, Y D
670 ## - SOURCE DATA FOUND
- Source citation: Work cat.: (OSt): Barik, B P 4068, Agribusiness : Concepts and Current Challenges, 2018
